00426cam a2200157ua 45000010005000000080039000050400009000440820013000531000027000662450059000932500009001522600039001613000016002006530018002166530034002344061111214n ii |||gr||||Z||||||asm cMAIN a891.4511 aBaruah, Gautam Prasad,11aMor janma biplabor juir majotcby Gautam Prasad Baruah a1st. aGuwahati:bLawyers book stall,996. a90p:c23cm. aAssamese poem aMur janma biplabor juir majot